=LDR 00000nam 2200000 4500 =001 INLIS000000000033134 =005 20130612135115 =008 ***********************************ind** =035 ##$$0010-061300000033134 =041 ##$$a ind =082 ##$$a 418 =090 ##$$a 418, Rah k =100 ##$$a RAHARDI, R Kunjana, Dr, M.Hum =245 ##$$a Kalimat Baku Untuk Menyusun Karya Tulis Ilmiah : Buku Pendamping Referensi - referensi Metodologi Penelitian Untuk Para Mahasiswa, Karyawan, dosen, Peneliti dan Penulis Pada Umumnya / Dr.R. Kunjana Rahardi, M.Hum =260 ##$$a ( S. a ) $b 6aYogyakarta =300 ##$$a ix, 118 hlm, 21 cm =650 ##$$a Bahasa Indonesia - Pembakuan =850 ##$$a NBPNMAT =990 ##$$a 21400613/BPAP-NTB/20142014 =990 ##$$a 21400613/BPAP-NTB/20142014 =990 ##$$a 0001/BPAP-NTB/20142014 =990 ##$$a 21602740/BPAP-NTB/2017 =990 ##$$a 21602740/BPAP-NTB/2017 =990 ##$$a 21400613/BPAP-NTB/20142014 =990 ##$$a 21400613/BPAP-NTB/20142014 =990 ##$$a 0001/BPAP-NTB/20142014